| 000 | 00780cab a2200217 4500 | ||
|---|---|---|---|
| 001 | WB3331-31 | ||
| 008 | 090401t1997 xxu||||| |||| 00| 0 eng d | ||
| 035 | _a(Sirsi) u80131 | ||
| 041 | _aeng | ||
| 245 | _aAssured shorthold tenancy | ||
| 260 | _c1997 | ||
| 350 | _a0 | ||
| 490 |
_aEstates Gazette Case Summaries _v(1997) EGCS 119 (2/8/1997) |
||
| 520 | _a"Mundy v Hook" CA 18 July 1997. Agreement for a tenancy for six months between D and P, constituting assured shorthold tenancy, not signed by D. Judge ordered rectification. D`s appeal dismissed. | ||
| 650 | _aASSURED SHORTHOLD TENANCIES | ||
| 650 |
_aLANDLORD AND TENANT _96252 |
||
| 650 | _aRECTIFICATION | ||
| 690 | _aLANDLORD AND TENANT-CASE LAW-RESIDENTIAL TENANCIES | ||
| 942 | _n0 | ||
| 948 | _c06/08/1997 | ||
| 999 |
_c50434 _d50434 |
||